000 00900pam a2200253 a 4500
999 _c6988
_d6988
001 2049909
003 OSt
005 20211015092111.0
008 930323s1993 nyua b 001 0 eng
010 _a 93010479
020 _a0716770334
040 _aDLC
_cDDC
_dDLC
082 0 0 _a611.01CRO 1993
100 1 _aCross, Patricia C.;
_914342
245 1 0 _aCell and tissue ultrastructure.
_bA functional perspective.
_cEdited by Cross,Patricia C. and Mercer,K. Lynne;
260 _aNew York :
_bW.H. Freeman,
_cc1993.
300 _axii,420p;
_bill;
_c28cm.
504 _aIncludes; bibliographical references (p. 401-412) and index.
650 0 _aBiology
_9194
700 1 _aMercer, K. Lynne.
_914344
906 _a7
_bcbc
_corignew
_d1
_eocip
_f19
_gy-gencatlg
942 _2ddc
_cO_SHELF